00413 2200169 4500001002100000005001500021008004100036020001800077035001900095041000700114082001000121090001000131100001400141245003800155260003100193300001900224INLIS00000000002012420241224115830241224||||||||| | ||| |||| || |  a979-534-429-2 0010-1224020124 aid0 a429.2 a429.20 aDaryanto.00aTeknik merawat auto mobil lengkap aBandungbYrama Widyac2006 a464hlm;15x21cm